000
00256nam a22001217a 4500
008
170406b xxu||||| |||| 00| 0 eng d
041
_a
eng
080
_2
2ND
_a
611.089
100
_a
9
101
_a
SHM
245
_a
HISTOLOGY
_c
ROSS, M.A
942
_2
udc
_c
BK
999
_c
10047
_d
10047